000 00342 a2200145 4500
001 179602
020 _a
040 _cMagnum
100 _aSales, Flavia
240 1 0 _aOs sonhos e travessuras de afonsinho
_lpor
245 1 0 _aOs sonhos e travessuras de afonsinho
362 0 _a1899
697 _aMAGNITO: IJ/FADAS, FANTASIA
942 _cBK
999 _c179602
_d179602